| 000 | 00570nam a22001697a 4500 | ||
|---|---|---|---|
| 005 | 20260420125505.0 | ||
| 008 | 260420b |||||||| |||| 00| 0 eng d | ||
| 020 | _a978-81-203-5243-8 | ||
| 050 | _aGB 66 .G 69 2016 | ||
| 100 | _aGOYAL, MANISH KUMAR | ||
| 245 | _aENGINEERING HYDROLOGY | ||
| 260 |
_aDELHI, _bPHI LEARNING PRIVATE LIMITED, _c2016, |
||
| 300 | _aXV, 335 P, ILL | ||
| 500 | _aINCLUDES INDEX | ||
| 650 | _a1. Hydrology-Textbooks 2. Engineering hydrology-Textbooks 3. Groundwater-Textbooks 4. Water resources development-Textbooks | ||
| 942 |
_2lcc _cBK |
||
| 999 |
_c217022 _d217022 |
||